00482 2200181 4500001002100000005001500021035002000036245005800056100001800114250001700132300003200149700001900181260003300200082001000233084001600243020002200259650001900281INLIS00000000000048020240723062914 a0010-07240000351 aBercocok Tanam Tomat /cDiah Rahmatia, Pipit Pitriana0 aDiah Rahmatia aCetakan ke-1 aiv, 44 hlm :bilus ;c21 cm0 aPipit Pitriana aJakarta :bAzka Press,c2006 a635.6 a635.6 DIA b a978-979-121-126-4 4aBercocok Tanam